000 00352nam a2200145Ia 4500
008 230312s9999||||xx |||||||||||||| ||und||
020 _a0-7645-3306-1
082 _a005.133
_bKAB-A
100 _aKabir;Mohammad
245 0 _aApache server Administrator handbook
260 _bMcgrawhill
_aUK
_c1999
300 _a547
650 _aComputer
942 _cBK
999 _c1907
_d1907